Anthropologie économique (notice n° 2163340)

détails MARC
000 -LEADER
fixed length control field 01004cam a2200133 4500500
005 - DATE AND TIME OF LATEST TRANSACTION
control field 20260405040557.0
041 ## - LANGUAGE CODE
Language code of text/sound track or separate title fre
042 ## - AUTHENTICATION CODE
Authentication code dc
100 10 - MAIN ENTRY--PERSONAL NAME
Personal name Dupuy, Francis
Relator term author
245 00 - TITLE STATEMENT
Title Anthropologie économique
260 ## - PUBLICATION, DISTRIBUTION, ETC.
Name of publisher, distributor, etc. Armand Colin,<br/>
Date of publication, distribution, etc. 2008.<br/>
520 ## - SUMMARY, ETC.
Summary, etc. L'ouvrage explore un champ de spécialisation classique de l'anthropologie sociale : celui de l'économique. il en présente les divers aspects (production, distribution, échange, consommation). parcourant les sociétés "traditionnelles", l'auteur illustre la diversité des façons de produire, d'échanger et de consommer. cette approche mène à un réexamen critique de catégories conceptuelles (surplus, profit, valeur, etc.), loin de toute conception restrictive de l'économie cette 2e édition, entièrement revue et mise à jour, s'enrichit des dernières avancées de la réflexion dans le domaine.
856 41 - ELECTRONIC LOCATION AND ACCESS
Uniform Resource Identifier <a href="https://shs.cairn.info/anthropologie-economique--9782200351960?lang=fr&redirect-ssocas=7080">https://shs.cairn.info/anthropologie-economique--9782200351960?lang=fr&redirect-ssocas=7080</a>

Pas d'exemplaire disponible.

PLUDOC

PLUDOC est la plateforme unique et centralisée de gestion des bibliothèques physiques et numériques de Guinée administré par le CEDUST. Elle est la plus grande base de données de ressources documentaires pour les Étudiants, Enseignants chercheurs et Chercheurs de Guinée.

Adresse

627 919 101/664 919 101

25 boulevard du commerce
Kaloum, Conakry, Guinée

Réseaux sociaux

Powered by Netsen Group @ 2025